|
|
|
|
| LEADER |
00672cam a2200217 7i4500 |
| 001 |
0000009203 |
| 005 |
20061129090000.0 |
| 010 |
# |
# |
|a 97014027
|
| 020 |
0 |
0 |
|a 0201824167
|
| 035 |
0 |
0 |
|a 0235-34760
|
| 090 |
0 |
0 |
|a QA 184
|b J6 1998
|
| 100 |
1 |
0 |
|a Johnson
|
| 245 |
1 |
0 |
|a Introduction to linear algebra
|c by Lee W.Johnson, R.Dean Riess, Jimmy T. Arnold.
|
| 250 |
0 |
0 |
|a 4th ed..
|
| 260 |
0 |
0 |
|a Reading Massachusetts:
|b Addison Wesley Longman,
|c 1998.
|
| 300 |
# |
# |
|a 503 p.;
|c 24 cm..
|
| 650 |
0 |
0 |
|a Algebras, Linear
|
| 700 |
1 |
1 |
|a Riess,
|h R. Dean
|
| 700 |
1 |
1 |
|a Arnold,
|h Jimmy
|
| 999 |
|
|
|a 1100000410
|b Book
|c Open Shelf
|e KOLEKSI TERBUKA
|
| 999 |
|
|
|a 1000397928
|b Book
|c Open Shelf
|e KOLEKSI TERBUKA
|